[Event "Tourn. n10076"]
[Site "www.echecsemail.com"]
[Date "2019.04.11"]
[Round "1"]
[White "Louis"]
[Black "Cathar"]
[WhiteElo "2050"]
[BlackElo "2150"]
[Result "1-0"]
[Round "1"]
1.Ng1f3 Ng8f6
2.c4 e6
3.g3 d5
4.Bf1g2 dxc4
5.Qd1a4 c6
6.Qa4xc4 b5
7.Qc4b3 Bc8b7
8.O-O Nb8d7
9.d4 a6
10.Nf3e5 Nd7xe5
11.dxe5 Nf6d7
12.Bc1f4 Ra8b8
13.Nb1d2 c5
14.Bg2xb7 Rb8xb7
15.a4 Bf8e7
16.Qb3f3 Qd8b8
17.axb5 axb5
18.Nd2e4 O-O
19.Ne4f6 Kh8
20.Rf1d1 Nd7b6
21.Qf3h5 gxf6
22.exf6 Qb8e8
23.Qh5h6 Rf8g8
24.fxe7 Qe8xe7
25.Bf4e5 { resign }
1-0

[Event "Tourn. n10035"]
[Site "www.echecsemail.com"]
[Date "2019.04.11"]
[Round "1"]
[White "Cal"]
[Black "Jackbauer"]
[WhiteElo "1830"]
[BlackElo "1800"]
[Result "0-1"]
[Round "1"]
1.c4 e5
2.e4 Ng8f6
3.a3 c5
4.h3 Nb8c6
5.Nb1c3 Bf8e7
6.d3 O-O
7.Ng1f3 h6
8.Bc1e3 a6
9.Bf1e2 b6
10.O-O d6
11.b3 b5
12.cxb5 Nc6b8
13.Qd1c2 a5
14.a4 Bc8b7
15.Nf3h4 Nf6h7
16.Nh4f5 Qd8d7
17.Be2g4 Qd7c7
18.Qc2d2 Be7g5
19.Be3xg5 Nh7xg5
20.h4 Ng5h7
21.Nc3e2 Qc7d8
22.Nf5g3 Nh7f6
23.Ng3f5 Nf6xg4
24.f3 Ng4f6
25.Ne2g3 Bb7c8
26.f4 Bc8e6
27.fxe5 dxe5
28.h5 Be6xf5
29.exf5 Kh7
30.Qd2e3 Rf8e8
31.Qe3xc5 Nb8d7
32.Qc5e3 Nf6g4
33.Qe3f3 Qd8b6
34.Kh1 Ng4f6
35.Ra1e1 Qb6d4
36.Re1e3 Qd4h4
37.Kg1 Nf6g4
38.Rf1d1 Ng4xe3
39.Qf3xe3 Nd7f6
40.b6 Nf6g4
41.Qe3f3 Qh4h2
42.Kf1 Qh2h4
43.Ke2 Ra8c8
44.b7 Rc8c2
45.Rd1d2 Rc2xd2
46.Kxd2 Ng4h2
47.Qf3f2 Qh4b4
48.Kc2 Qb4xb7
49.Ng3e4 Re8c8
50.Kb2 Nh2g4
51.Qf2e2 Ng4f6
52.Ne4d6 Qb7c6
53.Nd6xf7 Qc6c3
54.Kb1 Qc3xb3
55.Qe2b2 Qb3d1
56.Ka2 Qd1xa4
57.Kb1 Rc8e8
58.Nf7xe5 Qa4d1
59.Ka2 Nf6xh5
60.d4 Nh5g3
61.Qb2b5 Qd1d2
62.Ka3 Qd2c3
63.Qb5b3 Re8c8
64.Qb3xc3 Rc8xc3
65.Ka4 Ng3xf5
66.Kxa5 Nf5xd4
67.Kb4 Rc3g3
68.Kc4 Nd4e6
69.Kd5 Ne6g5
70.Kd4 Rg3xg2
71.Kd5 h5
72.Ne5c4 h4
73.Nc4e3 Rg2e2
74.Ne3f5 h3
75.Nf5g3 h2
{ resign }
0-1

[Event "Tourn. n10080"]
[Site "www.echecsemail.com"]
[Date "2019.04.11"]
[Round "1"]
[White "Picifarkinca"]
[Black "Apdash"]
[WhiteElo "2150"]
[BlackElo "2150"]
[Result "1/2-1/2"]
[Round "1"]
1.d4 d5
2.c4 e6
3.Nb1c3 c6
4.cxd5 cxd5
5.Ng1f3 Ng8f6
6.Bc1g5 Bf8e7
7.e3 Nb8c6
8.Bf1d3 Qd8b6
9.Qd1e2 Nc6b4
10.Bd3b1 h6
11.Bg5h4 Bc8d7
12.a3 Nb4c6
13.O-O O-O
14.Rf1d1 Rf8e8
15.b4 a6
16.Nf3e5 Nc6xe5
17.dxe5 Nf6h7
18.Bh4xe7 Re8xe7
19.Qe2d3 Nh7f8
20.Qd3d4 Qb6c7
21.Bb1d3 Ra8c8
22.Ra1c1 Qc7d8
23.e4 Bd7c6
24.exd5 exd5
25.f4 Nf8e6
26.Qd4f2 d4
27.Nc3e2 Re7c7
28.h4 Bc6a4
29.Rc1xc7 Rc8xc7
30.Rd1e1 Ba4b5
31.Re1d1 Bb5xd3
32.Rd1xd3 Rc7c2
33.Kf1 { draw }
1/2-1/2

[Event "Fast Game"]
[Site "www.echecsemail.com"]
[Date "2019.04.11"]
[Round "1"]
[White "Pforjan"]
[Black "Stevep84"]
[WhiteElo "2080"]
[BlackElo "1930"]
[Result "1-0"]
[Round "1"]
1.b3 e5
2.Bc1b2 Nb8c6
3.e3 Ng8f6
4.Bf1b5 d6
5.Ng1f3 Bc8d7
6.O-O a6
7.Bb5e2 g6
8.c4 Bf8g7
9.Nb1c3 O-O
10.d4 exd4
11.exd4 d5
12.Nf3e5 dxc4
13.bxc4 Nc6xe5
14.dxe5 Nf6e8
15.Nc3e4 Qd8e7
16.f4 f5
17.Ne4c3 c6
18.Qd1b3 Bd7e6
19.Bb2a3 c5
20.Nc3d5 Qe7f7
21.Ba3xc5 Be6xd5
22.cxd5 Ra8d8
23.Bc5xf8 Bg7xf8
24.Ra1c1 Qf7xd5
25.Be2c4 { time. }
1-0

[Event "Tourn. n10070"]
[Site "www.echecsemail.com"]
[Date "2019.04.12"]
[Round "1"]
[White "Rons"]
[Black "Cemaah"]
[WhiteElo "2680"]
[BlackElo "2470"]
[Result "1-0"]
[Round "1"]
1.e4 c6
2.d4 d5
3.exd5 cxd5
4.Bf1d3 g6
5.c3 Ng8f6
6.Bc1f4 Bf8g7
7.Ng1f3 O-O
8.O-O Nb8c6
9.Nb1d2 Rf8e8
10.h3 a6
11.Rf1e1 Bc8f5
12.Bd3xf5 gxf5
13.Nf3e5 e6
14.Ne5xc6 bxc6
15.Ra1c1 Qd8b6
16.Re1e3 Kh8
17.b3 c5
18.Bf4e5 Re8g8
19.Re3g3 Nf6e4
20.Rg3xg7 Rg8xg7
21.Nd2xe4 dxe4
22.Qd1h5 Kg8
23.Be5xg7 Kxg7
24.Qh5g5 Kf8
25.d5 Qb6d6
26.c4 Qd6e7
27.Qg5h6 Kg8
28.Rc1c3 Kh8
29.d6 Qe7f8
30.Qh6xf8 Ra8xf8
31.b4 cxb4
32.Rc3c1 { resign }
1-0

[Event "Tourn. n10002"]
[Site "www.echecsemail.com"]
[Date "2019.04.12"]
[Round "1"]
[White "Senitram"]
[Black "Stepanpech"]
[WhiteElo "2600"]
[BlackElo "2530"]
[Result "0-1"]
[Round "1"]
1.Ng1f3 Ng8f6
2.d4 d5
3.c4 c6
4.e3 Bc8f5
5.Nb1c3 e6
6.Bf1d3 Bf5xd3
7.Qd1xd3 Nb8d7
8.O-O Bf8b4
9.Bc1d2 a5
10.a3 Bb4xc3
11.Bd2xc3 Nf6e4
12.Nf3d2 Ne4xd2
13.Bc3xd2 O-O
14.b3 a4
15.Rf1c1 Nd7b6
16.cxd5 exd5
17.Bd2b4 Rf8e8
18.Bb4c5 Nb6d7
 { time }
0-1

[Event "Match"]
[Site "www.echecsemail.com"]
[Date "2019.04.12"]
[Round "1"]
[White "Mitja"]
[Black "Ssharp"]
[WhiteElo "1980"]
[BlackElo "2310"]
[Result "0-1"]
[Round "1"]
1.d4 d5
2.e3 Ng8f6
3.c3 Bc8f5
4.b3 e6
5.Bc1b2 c5
6.dxc5 Bf8xc5
7.Bf1e2 O-O
8.Nb1a3 Nb8c6
9.Ng1f3 Qd8a5
10.Na3c2 Bf5xc2
11.Qd1xc2 Ra8c8
12.O-O Qa5d8
13.h3 e5
14.Rf1d1 e4
15.Nf3d4 Nc6xd4
16.cxd4 Bc5xd4
17.Qc2d2 Bd4xb2
18.Qd2xb2 Qd8e7
19.Ra1c1 h6
20.Rc1xc8 Rf8xc8
21.Rd1c1 Rc8c6
22.Rc1xc6 bxc6
23.b4 Qe7b7
24.Qb2c3 Nf6d7
25.a4 f5
26.b5 c5
27.a5 c4
28.Qc3b4 Qb7c7
29.Qb4c3 Qc7c5
30.b6 axb6
31.axb6 Qc5xb6
32.Be2xc4 Qb6c5
33.Bc4xd5 Qc5xd5
34.g3 Nd7c5
35.Qc3c2 Kh7
36.Kg2 Nc5d3
37.Qc2b1 Nd3e5
38.Qb1c2 Qd5c4
39.Qc2b2 Ne5f3
40.g4 Nf3e1
41.Kg1 Ne1d3
42.Qb2d2 fxg4
43.hxg4 Qc4c1
44.Qd2xc1 Nd3xc1
45.Kg2 Kg6
46.f3 exf3
47.Kxf3 Kf6
48.Kf4 g5
49.Ke4 Ke6
50.Kd4 Nc1e2
51.Ke4 Ne2g3
52.Kf3 Ng3f5
53.e4 Nf5d4
54.Ke3 Ke5
55.Kd3 Nd4e6
56.Ke3 Ne6c5
57.Kf3 Nc5xe4
{ resign }
0-1

[Event "Tourn. n10075"]
[Site "www.echecsemail.com"]
[Date "2019.04.12"]
[Round "1"]
[White "Ditto"]
[Black "Hansen"]
[WhiteElo "1710"]
[BlackElo "1760"]
[Result "0-1"]
[Round "1"]
1.e4 e6
2.Ng1f3 b5
3.Bf1xb5 c6
4.Bb5c4 g5
5.d3 g4
6.Nf3e5 g3
7.fxg3 f6
8.Qd1h5 Ke7
9.Qh5f7 Kd6
10.Ne5f3 Ng8h6
11.Bc1d2 Nh6xf7
12.Bd2f4 Ke7
13.Nb1c3 Qd8b6
14.Bc4b3 Bf8h6
15.Nc3a4 Qb6b4
16.Bf4d2 Bh6xd2
17.Nf3xd2 Nb8a6
18.O-O-O Nf7e5
19.h3 d5
20.exd5 cxd5
21.Na4c3 d4
22.Nc3e4 Bc8b7
23.Rh1f1 Rh8f8
24.g4 f5
25.gxf5 exf5
26.Ne4g5 h6
27.Ng5f3 Ne5g6
28.Rd1e1 Kf6
29.Re1e6 Kg7
30.Nf3g1 Na6c5
31.Re6e1 f4
32.Ng1e2 Bb7xg2
33.Rf1g1 f3
34.Bb3d5 Ra8b8
35.b3 fxe2
36.Rg1xg2 Qb4c3
37.Re1xe2 Qc3a1
38.Nd2b1 Rf8f1
39.Kd2 Qa1xb1
{ resign }
0-1

[Event "Tourn. n10081"]
[Site "www.echecsemail.com"]
[Date "2019.04.12"]
[Round "1"]
[White "Eugenius"]
[Black "Cal"]
[WhiteElo "1729"]
[BlackElo "1820"]
[Result "1-0"]
[Round "1"]
1.e4 e5
2.Ng1f3 d6
3.d4 exd4
4.Qd1xd4 Nb8c6
5.Bf1b5 Bc8d7
6.Bb5xc6 Bd7xc6
7.Nb1c3 h6
8.Bc1e3 Ng8f6
9.O-O-O Bf8e7
10.h3 O-O
11.Nc3d5 Bc6xd5
12.exd5 a6
13.Kb1 c6
14.dxc6 bxc6
15.Qd4c4 Qd8c7
16.Nf3d4 Nf6e4
17.Nd4xc6 Ne4f6
18.Nc6xe7 Qc7xe7
19.Rh1e1 Qe7d7
20.Be3d4 d5
21.Bd4xf6 dxc4
22.Rd1xd7 gxf6
23.c3 a5
24.Kc2 Kg7
25.Re1e4 f5
26.Re4xc4 Kg6
27.Rc4c7 h5
28.f4 Ra8a6
29.Rc7a7 Ra6xa7
30.Rd7xa7 Rf8e8
31.Ra7d7 Re8e2
32.Rd7d2 Re2e4
33.Rd2f2 a4
34.b3 a3
35.b4 Kf6
36.Kb3 Ke6
37.Kxa3 Kd5
38.Kb3 Re4c4
39.Rf2d2 { resign }
1-0

[Event "Match"]
[Site "www.echecsemail.com"]
[Date "2019.04.12"]
[Round "1"]
[White "Pforjan"]
[Black "Yudoka"]
[WhiteElo "2310"]
[BlackElo "2270"]
[Result "0-1"]
[Round "1"]
1.b3 d5
2.Bc1b2 Ng8f6
3.e3 Bc8f5
4.f4 g6
5.Ng1f3 Bf8g7
6.Bf1e2 O-O
7.O-O c5
8.h3 Nb8c6
9.Qd1c1 d4
10.Be2b5 Nc6b4
11.Nb1a3 a6
12.Bb5e2 d3
13.cxd3 Bf5xd3
14.Qc1e1 Nf6e4
15.Bb2xg7 Kxg7
16.Kh2 f6
17.Qe1d1 b5
18.Rf1e1 Qd8d6
{ resign }
0-1

[Event "Match"]
[Site "www.echecsemail.com"]
[Date "2019.04.12"]
[Round "1"]
[White "Bojan"]
[Black "Mitja"]
[WhiteElo "2050"]
[BlackElo "2110"]
[Result "1-0"]
[Round "1"]
1.d4 d5
2.Ng1f3 e6
3.a3 c6
4.Bc1d2 h6
5.e3 Ng8f6
6.Nb1c3 b6
7.Nc3a2 Bc8b7
8.Bf1d3 Nb8a6
9.Qd1e2 Na6c7
10.h3 Bf8e7
11.Na2c3 Be7d6
12.Rh1g1 Qd8e7
13.e4 dxe4
14.Nc3xe4 Nf6xe4
15.Bd3xe4 Nc7d5
16.g3 Nd5f6
17.Be4d3 Qe7c7
18.Nf3e5 Nf6d7
19.f4 Nd7xe5
20.fxe5 Bd6e7
21.Qe2g4 g6
22.Bd3xg6 fxg6
23.Qg4xg6 Kd7
24.O-O-O Ra8g8
25.Qg6d3 Kc8
26.g4 Be7g5
27.c4 Kb8
28.Kc2 Bg5xd2
29.Rd1xd2 Bb7a6
30.Kc3 Rg8d8
31.Qd3e3 Ba6b7
32.Rg1f1 c5
33.Rf1f6 Rd8f8
34.d5 Rf8xf6
35.exf6 exd5
36.cxd5 Qc7d6
37.f7 Qd6f6
38.Kc4 Qf6xf7
39.Qe3e5 Ka8
40.Qe5xh8 { resign }
1-0

[Event "Match"]
[Site "www.echecsemail.com"]
[Date "2019.04.12"]
[Round "1"]
[White "Yudoka"]
[Black "Dussek"]
[WhiteElo "1809"]
[BlackElo "1920"]
[Result "1-0"]
[Round "1"]
1.d4 Ng8f6
2.c4 c5
3.d5 e6
4.Nb1c3 exd5
5.cxd5 g6
6.e4 d6
7.Bf1d3 Bf8g7
8.Ng1e2 Bc8g4
9.f3 Bg4d7
10.Bc1g5 a6
11.a4 O-O
12.e5 dxe5
13.Nc3e4 h6
14.Ne4xf6 Bg7xf6
15.Bg5xh6 Bf6g7
16.Bh6e3 b6
17.Qd1c2 Qd8f6
18.Ne2g3 a5
19.h4 Nb8a6
20.Bd3xa6 Ra8xa6
21.Qc2c4 Ra6a7
22.Be3g5 Qf6d6
23.Ng3e4 Qd6c7
24.h5 Bd7f5
25.h6 f6
26.hxg7 Qc7xg7
27.Bg5h6 Qg7h7
28.O-O-O Rf8d8
29.Ne4xf6 { resign }
1-0

[Event "Match"]
[Site "www.echecsemail.com"]
[Date "2019.04.12"]
[Round "1"]
[White "Liencam2"]
[Black "Dy1anator"]
[WhiteElo "2330"]
[BlackElo "1499"]
[Result "1-0"]
[Round "1"]
1.e4 e5
2.Ng1f3 Ng8f6
3.Nb1c3 c6
4.d4 d5
5.dxe5 Nf6xe4
6.Nc3xe4 Nb8d7
7.Ne4g3 Bf8e7
8.c4 b5
9.cxb5 Bc8b7
10.Bf1e2 Ra8c8
11.O-O O-O
12.Bc1e3 a6
13.bxa6 Bb7a8
14.Ng3f5 Be7b4
15.Qd1c2 Rc8b8
16.Nf3g5 Nd7xe5
17.Nf5h6 gxh6
18.Qc2f5 hxg5
19.Qf5xe5 Bb4d6
20.Qe5xg5 Qd8xg5
21.Be3xg5 f6
22.Bg5c1 Rb8e8
23.Be2d3 Re8e7
24.Bc1d2 Kf7
25.Ra1c1 Rf8e8
26.h3 c5
27.Bd3xh7 c4
28.Rf1e1 d4
29.Re1xe7 Re8xe7
30.Rc1xc4 Ke8
31.Kf1 Ba8d5
32.Rc4xd4 Re7xh7
33.Rd4xd5 Rh7d7
34.b4 Ke7
35.Rd5a5 Rd7a7
36.Bd2e3 { resign }
1-0

[Event "Fast Game"]
[Site "www.echecsemail.com"]
[Date "2019.04.12"]
[Round "1"]
[White "Ranjachess"]
[Black "Hennie4820"]
[WhiteElo "1740"]
[BlackElo "1650"]
[Result "0-1"]
[Round "1"]
1.d4 Ng8f6
2.Nb1c3 g6
3.Bc1f4 Bf8g7
4.Bf4e5 O-O
5.Be5xf6 Bg7xf6
6.Qd1d3 d5
7.e4 dxe4
8.Nc3xe4 Qd8xd4
9.Ne4xf6 Qd4xf6
10.O-O-O Qf6xf2
11.Ng1h3 Bc8xh3
12.Qd3xh3 Nb8c6
13.Bf1d3 Ra8d8
14.Rd1d2 Qf2f6
15.Rh1f1 Qf6g5
16.c3 Rd8d6
17.Kc2 Rf8d8
18.Rf1d1 Nc6e5
19.b3 Ne5xd3
20.Rd2xd3 Rd6xd3
21.Rd1xd3 Rd8xd3
22.Kxd3 Qg5f5
23.Qh3xf5 gxf5
24.Ke3 e5
25.g3 Kg7
26.c4 c5
27.a3 h5
28.b4 cxb4
29.axb4 Kf6
30.c5 Ke6
31.Kd3 Kd5
32.Kc3 e4
33.Kd2 Kc4
34.Kc2 Kxb4
35.Kb2 Kxc5
36.Kc2 Kd4
37.Kd2 a5
38.Ke2 a4
39.Kd2 a3
40.Kc2 e3
41.Kd1 a2
42.Kc2 a1Q
{ resign }
0-1

[Event "Match"]
[Site "www.echecsemail.com"]
[Date "2019.04.13"]
[Round "1"]
[White "Hundegana"]
[Black "D4minance"]
[WhiteElo "1950"]
[BlackElo "1499"]
[Result "0-1"]
[Round "1"]
1.e4 c5
2.Bf1c4 e6
3.d4 cxd4
4.Qd1xd4 Nb8c6
5.Qd4d2 Ng8f6
6.Nb1c3 Bf8b4
7.Bc4d3 d5
8.a3 dxe4
9.Bd3b5 Bb4d6
10.Bb5xc6 bxc6
11.Ng1e2 O-O
12.Ne2g3 Nf6d5
13.Ng3xe4 Bc8a6
14.Ne4xd6 Qd8xd6
15.Nc3xd5 exd5
16.f3 Ra8e8
17.Kf2 Re8e2
18.Qd2xe2 Ba6xe2
19.Kxe2 Rf8e8
20.Kd3 Qd6e5
21.c4 Qe5e2
22.Kc3 Qe2xc4
23.Kd2 Re8e2
24.Kd1 Qc4c2

0-1

[Event "Tourn. n10068"]
[Site "www.echecsemail.com"]
[Date "2019.04.13"]
[Round "1"]
[White "Ff333"]
[Black "Fantomas"]
[WhiteElo "2030"]
[BlackElo "2170"]
[Result "0-1"]
[Round "1"]
1.e4 c5
2.Ng1f3 d6
3.d4 cxd4
4.Bf1b5 Bc8d7
5.Nf3xd4 Ng8f6
6.Qd1f3 e5
7.Bb5xd7 Qd8xd7
8.Nd4f5 Nb8a6
9.c3 Na6c5
10.Nb1d2 g6
11.Nf5e3 Bf8g7
12.O-O O-O
13.Ne3d5 Nf6xd5
14.exd5 f5
15.c4 e4
16.Qf3e2 Nc5d3
17.Ra1b1 Ra8c8
18.b3 Nd3xc1
19.Rf1xc1 b6
20.a4 Rf8e8
21.Rc1e1 Bg7d4
22.Nd2f1 Qd7f7
23.Kh1 Qf7f6
24.Nf1e3 Qf6g5
25.g3 h5
26.h4 Qg5f6
27.Ne3c2 Bd4e5
28.Re1f1 Rc8c7
29.Nc2b4 Qf6f7
30.Nb4c6 Be5f6
31.Qe2e3 Kh7
32.Qe3f4 Rc7d7
33.Kh2 Bf6g7
34.Qf4d2 Bg7h6
35.Qd2d4 f4
36.Rb1e1 Qf7f5
37.Qd4d1 f3
38.Nc6d4 Qf5g4
39.Nd4e6 g5
40.Qd1d4 gxh4
41.Re1xe4 hxg3
42.fxg3 Qg4f5
43.Ne6g5 Qf5xg5
44.Re4xe8 Bh6g7
45.Qd4e4 Qg5g6
46.Qe4e6 Qg6c2
47.Kh3 Qc2g2
48.Kh4 Qg2h2
49.Kg5 Qh2xg3
50.Kxh5 Qg3h2
51.Kg4 Qh2g2
52.Kh4 Qg2h2
53.Qe6h3 Qh2f4
54.Kh5 Rd7f7
55.Qh3g4 Qf4h6
{ resign }
0-1

[Event "Tourn. n10081"]
[Site "www.echecsemail.com"]
[Date "2019.04.13"]
[Round "1"]
[White "Ditto"]
[Black "Esperanza"]
[WhiteElo "1760"]
[BlackElo "1660"]
[Result "0-1"]
[Round "1"]
1.e4 e5
2.Ng1f3 Nb8c6
3.Bf1c4 Bf8c5
4.c3 Ng8f6
5.d3 O-O
6.Bc1g5 h6
7.Bg5c1 d6
8.Nb1d2 Nc6e7
9.Nd2b3 Bc5b6
10.Nf3h4 g5
11.Nh4f3 Ne7g6
12.Bc1d2 Kg7
13.O-O g4
14.Bd2c1 gxf3
15.Qd1xf3 Bc8e6
16.Bc4xe6 fxe6
17.Qf3h3 Nf6g8
18.Nb3d2 Qd8f6
19.Nd2f3 Ra8e8
20.Bc1d2 Ng6f4
21.Qh3g4 Qf6g6
22.Qg4xg6 Kxg6
23.Nf3e1 Nf4e2
24.Kh1 Rf8xf2
25.Rf1xf2 Bb6xf2
26.Ne1f3 Ne2f4
27.Ra1d1 Bf2b6
28.Bd2c1 Ng8f6
29.b4 Nf6g4
30.Nf3h4 Kh5
31.g3 Ng4f2
32.Kg1 Nf2xd1
{ resign }
0-1

[Event "Tourn. n10092"]
[Site "www.echecsemail.com"]
[Date "2019.04.13"]
[Round "1"]
[White "Aiko1603"]
[Black "Coolant"]
[WhiteElo "2130"]
[BlackElo "2290"]
[Result "0-1"]
[Round "1"]
1.c4 Ng8f6
2.Nb1c3 g6
3.g3 Bf8g7
4.Bf1g2 O-O
5.d3 c6
6.Ng1f3 d5
7.cxd5 cxd5
8.d4 Nb8c6
9.O-O Nf6e4
10.Bc1e3 Ne4xc3
11.bxc3 Qd8a5
12.Qd1b3 b6
13.Nf3g5 e6
14.Qb3c2 Bc8a6
15.f4 Ra8c8
16.Qc2d2 Qa5b5
17.Rf1e1 Nc6a5
18.Ra1b1 Qb5c6
19.Ng5f3 Qc6xc3
20.Qd2xc3 Rc8xc3
21.Be3d2 Rc3a3
22.Bd2xa5 Ra3xa5
23.e3 Ra5xa2
24.Rb1a1 Ba6c4
25.Ra1xa2 Bc4xa2
26.Re1a1 Ba2c4
27.Ra1xa7 Rf8b8
28.Nf3g5 b5
29.Ng5xf7 b4
30.Nf7d6 b3
31.Nd6xc4 dxc4
32.Ra7a1 c3
{ resign }
0-1

[Event "Tourn. n10106"]
[Site "www.echecsemail.com"]
[Date "2019.04.13"]
[Round "1"]
[White "Fantomas"]
[Black "Mitja"]
[WhiteElo "2230"]
[BlackElo "2110"]
[Result "1-0"]
[Round "1"]
1.e4 d5
2.exd5 Qd8xd5
3.Nb1c3 Qd5d8
4.d4 e6
5.a3 c6
6.Ng1f3 h6
7.Bc1e3 Ng8f6
8.h3 b6
9.Nf3e5 Bc8b7
10.Bf1e2 Nb8d7
11.O-O Nd7xe5
12.dxe5 Nf6d5
13.Nc3xd5 Qd8xd5
14.Qd1xd5 exd5
15.c4 dxc4
16.Be2xc4 Bf8e7
17.Ra1d1 Ra8d8
18.f4 O-O
19.Kf2 Rd8xd1
20.Rf1xd1 Rf8d8
21.Rd1xd8 Be7xd8
22.g3 Kf8
23.h4 c5
24.Be3d2 a5
25.Ke3 Bb7c6
26.Bc4d3 Ke7
27.Bd3e4 Bc6xe4
28.Kxe4 Ke6
29.f5 Kd7
30.Kd5 Bd8c7
31.Bd2f4 Bc7d8
32.a4 h5
33.b3 f6
34.e6 Ke7
35.Bf4d6 Ke8
36.Kc6 { resign }
1-0

[Event "Match"]
[Site "www.echecsemail.com"]
[Date "2019.04.14"]
[Round "1"]
[White "Double2dutch"]
[Black "Cal"]
[WhiteElo "1649"]
[BlackElo "1720"]
[Result "1-0"]
[Round "1"]
1.Ng1f3 d5
2.c4 dxc4
3.e3 b5
4.a4 c6
5.axb5 cxb5
6.b3 Bc8e6
7.Nf3g5 h6
8.Ng5xe6 fxe6
9.Qd1h5 Kd7
10.Qh5xb5 Nb8c6
11.Qb5b7 Qd8c7
12.Qb7xa8 g6
13.Qa8xf8 Qc7e5
14.Nb1c3 h5
15.Bf1xc4 a5
16.O-O Ng8h6
17.Qf8f4 Nh6f5
18.Qf4xe5 Nc6xe5
19.d4 Ne5g4
20.Ra1xa5 h4
21.Ra5a7 Kd6
22.Bc1a3 Kc6
23.Bc4b5 Kb6
24.Ba3c5 
1-0

[Event "Match"]
[Site "www.echecsemail.com"]
[Date "2019.04.14"]
[Round "1"]
[White "Yudoka"]
[Black "Tbsundar"]
[WhiteElo "2270"]
[BlackElo "2150"]
[Result "1-0"]
[Round "1"]
1.d4 d5
2.c4 c6
3.Ng1f3 e6
4.e3 Ng8f6
5.Nb1c3 Bf8b4
6.Qd1c2 O-O
7.a3 Bb4xc3
8.bxc3 Nb8d7
9.cxd5 exd5
10.c4 Nf6e4
11.Bf1d3 f5
12.cxd5 cxd5
13.Qc2b3 Nd7f6
14.O-O Kh8
15.a4 Ne4d6
16.Bc1a3 Qd8b6
17.Qb3xb6 axb6
18.Ba3xd6 Rf8e8
19.Bd3b5 Bc8d7
20.Nf3e5 Bd7xb5
21.axb5 Nf6e4
22.Bd6c7 Ne4d2
23.Rf1d1 Nd2c4
24.Ne5xc4 dxc4
25.Bc7xb6 Kg8
26.Ra1c1 Ra8a4
27.d5 Re8e7
28.d6 Re7d7
29.Bb6c7 b6
30.Rc1a1 Ra4b4
31.Rd1b1 Rb4b3
32.Rb1xb3 { resign }
1-0

[Event "Match"]
[Site "www.echecsemail.com"]
[Date "2019.04.14"]
[Round "1"]
[White "Sonny1000"]
[Black "Iko"]
[WhiteElo "1570"]
[BlackElo "1790"]
[Result "0-1"]
[Round "1"]
1.e4 e5
2.Ng1f3 d6
3.Bf1c4 Bc8e6
4.Bc4xe6 fxe6
5.h4 Bf8e7
6.c3 Ng8f6
7.Nf3g5 Qd8d7
8.O-O h6
9.Qd1h5 Nf6xh5
10.Ng5f3 Rh8f8
11.b3 Rf8f4
12.Nf3h2 Rf4xe4
13.Nh2f3 Be7xh4
14.d3 Re4e2
15.Nf3xh4 Qd7e7
16.Nh4g6 Qe7f6
17.Ng6h8 g5
18.Rf1d1 Qf6xf2
19.Kh2 Qf2xg2
{ resign }
0-1

[Event "Tourn. n10113"]
[Site "www.echecsemail.com"]
[Date "2019.04.14"]
[Round "1"]
[White "Fantomas"]
[Black "Bojan"]
[WhiteElo "2230"]
[BlackElo "2040"]
[Result "1-0"]
[Round "1"]
1.e4 e5
2.Ng1f3 d6
3.Nb1c3 Bc8e6
4.d4 exd4
5.Nf3xd4 Be6d7
6.Bf1c4 Nb8c6
7.Bc1e3 h6
8.O-O Ng8e7
9.a3 Ne7g6
10.f4 Nc6xd4
11.Be3xd4 c5
12.Bd4e3 Bf8e7
13.Nc3d5 Bd7e6
14.f5 Be6xd5
15.Bc4xd5 Ng6e5
16.c3 Ra8b8
17.Qd1a4 Ne5d7
18.Qa4xa7 Qd8c8
19.Qa7a4 O-O
20.Bd5a2 Nd7e5
21.Qa4d1 Kh7
22.h3 b5
23.Ra1c1 c4
24.Ba2b1 Qc8c6
25.Qd1e2 Rb8d8
26.Rc1d1 Ne5d7
27.e5 dxe5
28.f6 { resign }
1-0

[Event "1/64 Finale"]
[Site "www.chess-mail.com"]
[Date "2019.04.14"]
[Round "1"]
[White "Add"]
[Black "Esperanza"]
[WhiteElo "2130"]
[BlackElo "1850"]
[Result "1/2-1/2"]
[Round "1"]
1.e4 e5
2.d4 exd4
3.c3 d5
4.exd5 Qd8xd5
5.cxd4 Nb8c6
6.Nb1c3 Qd5xd4
7.Qd1e2 Bc8e6
8.Bc1e3 Qd4f6
9.O-O-O Bf8b4
10.Nc3d5 Be6xd5
11.Rd1xd5 Ng8e7
12.Be3g5 Qf6e6
13.Qe2xe6 fxe6
14.Rd5d1 h6
15.Bg5xe7 Kxe7
16.Ng1f3 Ra8d8
17.Bf1c4 Rd8xd1
18.Rh1xd1 Rh8d8
19.Rd1xd8 Nc6xd8
20.Nf3e5 Nd8f7
21.Ne5xf7 Kxf7
22.a4 Kf6
23.f3 e5
24.Bc4d5 b6
25.Kc2 Kf5
26.Kd3 a5
27.Bd5e4 Ke6
{ draw }
1/2-1/2

[Event "Tourn. n10069"]
[Site "www.echecsemail.com"]
[Date "2019.04.15"]
[Round "1"]
[White "Passaroa25"]
[Black "Libiesse"]
[WhiteElo "1820"]
[BlackElo "1810"]
[Result "1-0"]
[Round "1"]
1.Nb1c3 d5
2.d4 e6
3.e4 dxe4
4.Nc3xe4 Nb8c6
5.Ng1e2 Ng8f6
6.f3 Bf8e7
7.c3 O-O
8.Bc1e3 Qd8d5
9.Ne2f4 Qd5d8
10.Bf1e2 e5
11.Nf4d3 exd4
12.Be3d2 Nf6xe4
13.fxe4 Rf8e8
14.O-O Bc8e6
15.Bd2e1 Be7f6
16.Nd3c5 Qd8e7
17.Nc5xb7 Ra8b8
18.Be2a6 Be6c8
19.Qd1f3 Qe7xe4
20.Qf3xe4 Re8xe4
21.Nb7c5 Bc8xa6
22.Nc5xe4 Ba6xf1
23.Kxf1 dxc3
24.Be1xc3 Bf6xc3
25.bxc3 f5
26.Ne4g5 h6
27.Ng5e6 Rb8c8
28.a4 Kf7
29.Ne6c5 Rc8d8
30.Nc5a6 Rd8d7
31.Na6c5 Rd7d5
32.Nc5a6 Rd5c5
33.Na6xc5 { resign }
1-0

[Event "Tourn. n10106"]
[Site "www.echecsemail.com"]
[Date "2019.04.15"]
[Round "1"]
[White "Picifarkinca"]
[Black "Mitja"]
[WhiteElo "2020"]
[BlackElo "2110"]
[Result "1-0"]
[Round "1"]
1.e4 d5
2.d4 dxe4
3.Nb1c3 e6
4.Nc3xe4 c6
5.Bc1f4 h6
6.Ng1f3 Ng8f6
7.Ne4g3 b6
8.Nf3e5 Bc8b7
9.c3 Nb8d7
10.Qd1a4 Nd7xe5
11.Bf4xe5 Bf8e7
12.Bf1e2 O-O
13.O-O Be7d6
14.f4 Bd6xe5
15.fxe5 Nf6d5
16.Ng3e4 b5
17.Qa4d1 Nd5e3
18.Qd1d3 Ne3xf1
19.Ra1xf1 a5
20.Ne4f6 gxf6
21.Qd3g3 Kh7
22.Rf1xf6 Rf8g8
23.Be2d3 Rg8g6
24.Rf6xf7 { resign }
1-0

[Event "Tourn. n10097"]
[Site "www.echecsemail.com"]
[Date "2019.04.15"]
[Round "1"]
[White "Fantomas"]
[Black "Cemaah"]
[WhiteElo "2280"]
[BlackElo "2410"]
[Result "1-0"]
[Round "1"]
1.e4 c6
2.d4 d5
3.Nb1c3 dxe4
4.Nc3xe4 Bc8f5
5.Ne4g3 Bf5g6
6.Bf1c4 Nb8d7
7.Ng1f3 e6
8.O-O Ng8f6
9.c3 Qd8c7
10.Nf3h4 Bf8e7
11.Nh4xg6 hxg6
12.h3 O-O-O
13.Bc4e2 Be7d6
14.Qd1e1 Nf6d5
15.Ng3e4 Bd6f4
16.Ne4g5 Nd7f6
17.Be2f3 Nf6h5
{ time. }
1-0

[Event "Tourn. n10072"]
[Site "www.echecsemail.com"]
[Date "2019.04.15"]
[Round "1"]
[White "Picifarkinca"]
[Black "Ranjachess"]
[WhiteElo "2080"]
[BlackElo "1890"]
[Result "1-0"]
[Round "1"]
1.Ng1f3 Ng8f6
2.g3 d5
3.Bf1g2 e6
4.O-O Nb8c6
5.d3 h6
6.Nb1d2 Bf8c5
7.c3 e5
8.b4 Bc5b6
9.b5 Nc6e7
10.Nf3xe5 O-O
11.a4 c6
12.Qd1b3 Qd8d6
13.d4 c5
14.Bc1a3 a5
15.Ne5d3 Nf6e4
16.Nd2xe4 c4
17.Ne4xd6 cxb3
18.Nd6xc8 Ne7xc8
19.Bg2xd5 Ra8a7
20.Ba3xf8 Kxf8
21.Bd5xb3 Nc8d6
22.e3 Nd6e4
23.c4 Ne4d2
24.Bb3a2 Nd2xf1
25.Kxf1 Bb6c7
26.c5 b6
27.c6 Bc7d6
28.Nd3e5 Bd6xe5
29.dxe5 Ra7e7
30.f4 f6
31.e6 g5
32.f5 h5
33.Ra1d1 Ke8
34.Rd1d7 Re7xd7
35.exd7 Kd8
36.Ba2f7 h4
37.gxh4 gxh4
38.Kg2 Ke7
39.Kh3 Kd8
40.Kxh4 Kc7
41.Kg4 Kd8
42.h4 Ke7
43.h5 Kxf7
44.d8N Ke7
45.Nd8b7 Ke8
46.Nb7xa5 bxa5
47.b6 Ke7
48.b7 Kd6
49.c7 Kxc7
50.b8B Kxb8
51.h6 Kc7
52.h7 Kc6
53.h8R Kd5
54.e4 Kxe4
55.Rh8d8 Ke5
56.Rd8d7 Ke4
57.Rd7a7 Kd4
58.Ra7xa5 Kc4
59.Ra5b5 Kd4
60.a5 Kc4
61.Rb5b1 Kc3
62.a6 Kc2
63.Rb1e1 Kd2
64.Re1f1 Ke2
65.Rf1f3 Kd2
66.a7 Kc2
67.a8R Kb2
68.Ra8h8 Kc2
69.Rh8h2 Kd1
70.Rf3f1 
1-0

[Event "Tourn. n10084"]
[Site "www.echecsemail.com"]
[Date "2019.04.15"]
[Round "1"]
[White "Bevittsmith"]
[Black "Picifarkinca"]
[WhiteElo "2230"]
[BlackElo "2110"]
[Result "1-0"]
[Round "1"]
1.e4 e5
2.Ng1f3 Nb8c6
3.Bf1b5 a6
4.Bb5a4 Ng8f6
5.O-O Bf8e7
6.Rf1e1 b5
7.Ba4b3 O-O
8.c3 d6
9.h3 Nc6a5
10.Bb3c2 c5
11.d4 cxd4
12.cxd4 Qd8c7
13.Nb1d2 Na5c4
14.Nd2xc4 Qc7xc4
15.Bc2b3 Qc4c7
16.Bc1g5 a5
17.Ra1c1 Qc7b8
18.a3 h6
19.Bg5h4 a4
20.Bb3a2 { resign }
1-0

[Event "Tourn. n10106"]
[Site "www.echecsemail.com"]
[Date "2019.04.15"]
[Round "1"]
[White "Mitja"]
[Black "Bojan"]
[WhiteElo "2110"]
[BlackElo "2060"]
[Result "1/2-1/2"]
[Round "1"]
1.d4 c6
2.e3 d5
3.c3 Qd8d6
4.h3 b6
5.b3 Ng8f6
6.Ng1f3 h6
7.Bc1b2 a6
8.Bf1e2 Nb8d7
9.Nb1d2 e5
10.dxe5 Nd7xe5
11.Nf3xe5 Qd6xe5
12.Nd2f3 Qe5d6
13.a4 Bf8e7
14.Bb2a3 Qd6d7
15.Ba3b2 Qd7e6
16.Nf3d4 Qe6d6
17.Bb2a3 c5
18.Be2f3 Qd6e5
19.Nd4e2 Bc8f5
20.Ba3b2 O-O-O
21.Qd1c1 Rd8d7
22.O-O Rh8g8
23.c4 Qe5e6
24.cxd5 Nf6xd5
25.Rf1d1 f6
26.Ne2d4 Qe6e5
27.Nd4xf5 Qe5xf5
28.Bf3g4 Qf5e4
29.Bg4xd7 Kxd7
30.Qc1d2 Kc6
31.Ra1c1 Rg8d8
32.Qd2e2 Kb7
33.Rd1e1 g5
34.f3 Qe4e6
35.Rc1d1 Rd8f8
36.Qe2c4 Rf8d8
37.e4 Nd5f4
38.Qc4xe6 Nf4xe6
39.Rd1xd8 Be7xd8
40.Re1d1 Kc6
41.e5 Bd8e7
42.exf6 Be7d6
43.f7 Bd6f8
44.Bb2f6 b5
45.axb5 axb5
46.Kf2 c4
47.bxc4 bxc4
48.Ke3 Bf8b4
49.Rd1c1 Kd5
50.Rc1d1 Kc6
51.Rd1c1 Kd5
52.Rc1d1 Kc6
53.Ke4 
1/2-1/2